000
00223nam a2200085Ia 4500
008
170617s9999 xx 000 0 und d
100
_a
Grubb -Philp
245
0
_a
Patents for Chemicals pharmaceutical and Biotechnology
260
_b
Oxford
260
_c
2006
999
_c
15737
_d
15737